Understanding the building regulations (Record no. 113849)

MARC details
000 -LEADER
fixed length control field 02201cam a22003015a 4500
001 - CONTROL NUMBER
control field L155818
008 - FIXED-LENGTH DATA ELEMENTS--GENERAL INFORMATION
fixed length control field 081001s2011 xxkade f u 000 0 eng d
020 ## - INTERNATIONAL STANDARD BOOK NUMBER
International Standard Book Number 9780203831212
035 ## - SYSTEM CONTROL NUMBER
System control number (Sirsi) u155818
041 0# - LANGUAGE CODE
Language code of text/sound track or separate title eng
050 04 - LIBRARY OF CONGRESS CALL NUMBER
Classification number 692.2 $2 18
100 1# - MAIN ENTRY--PERSONAL NAME
Personal name Polley, Simon
245 00 - TITLE STATEMENT
Title Understanding the building regulations
Medium [electronic resource]
250 ## - EDITION STATEMENT
Edition statement 5th ed.
260 ## - PUBLICATION, DISTRIBUTION, ETC.
Name of publisher, distributor, etc. Routledge
Date of publication, distribution, etc. 2011
300 ## - PHYSICAL DESCRIPTION
Extent eBook
505 ## - FORMATTED CONTENTS NOTE
Formatted contents note 1 The Building Regulations 2010 -- 2 Approved Document to support Regulation 7: Materials and workmanship -- 3 Approved Document A: Structure -- 4 Approved Document B: Fire safety -- 5 Approved Document C: Site preparation and resistance to contaminants and moisture -- 6 Approved Document D: Toxic substances -- 7 Approved Document E: Resistance to the passage of sound -- 8 Approved Document F: Ventilation -- 9 Approved Document G: Sanitation, hot water safety and water efficiency -- 10 Approved Document H: Drainage and waste disposal -- 11 Approved Document J: Combustion appliances and fuel storage systems -- 12 Approved Document K: Protection from falling, collision and impact -- 13 Approved Document L: Conservation of fuel and power -- 14 Approved Document M: Access to and use of buildings -- 15 Approved Document N: Glazing ? safety in relation to impact, opening and cleaning -- 16 Approved Document P: Electrical safety
520 ## - SUMMARY, ETC.
Summary, etc. This is a concise, jargon-free and compact guide to the UK building regulations. The author boils down the regulations to their basic features, explaining the core principles behind them. Easy to read and light enough to carry around with you, this is the ideal introduction to a vital part of your remit as a building control officer, architect or surveyor. Updated with the extensive 2010 changes, and illustrated with cartoons.
521 ## - TARGET AUDIENCE NOTE
Target audience note Advanced
650 24 - SUBJECT ADDED ENTRY--TOPICAL TERM
Topical term or geographic name entry element BUILDING REGULATIONS 2010
650 24 - SUBJECT ADDED ENTRY--TOPICAL TERM
Topical term or geographic name entry element EBOOK
650 24 - SUBJECT ADDED ENTRY--TOPICAL TERM
Topical term or geographic name entry element BUILDING REGULATIONS 2000
650 24 - SUBJECT ADDED ENTRY--TOPICAL TERM
Topical term or geographic name entry element BUILDING REGULATIONS 2006
651 #4 - SUBJECT ADDED ENTRY--GEOGRAPHIC NAME
Geographic name United Kingdom
Chronological subdivision
690 ## - LOCAL SUBJECT ADDED ENTRY--TOPICAL TERM (OCLC, RLIN)
Topical term or geographic name as entry element Building regulations
9 (RLIN) 6224
856 48 - ELECTRONIC LOCATION AND ACCESS
Uniform Resource Identifier <a href="https://www.vlebooks.com/">https://www.vlebooks.com/</a>
Public note View on VLEbooks. Logins for members only from [email protected]
942 ## - ADDED ENTRY ELEMENTS (KOHA)
Suppress in OPAC 0
Holdings
Withdrawn status Lost status Source of classification or shelving scheme Damaged status Not for loan Home library Current library Shelving location Date acquired Total Checkouts Full call number Barcode Date last seen Copy number Price effective from Koha item type
    Dewey Decimal Classification     Virtual Virtual Online 17/04/2012   EBOOK 155818-2001 06/08/2019 1 06/08/2019 Book